Real-time systems (Record no. 5432)
[ view plain ]
| 000 -LEADER | |
|---|---|
| fixed length control field | 00520 a2200193 4500 |
| 020 ## - INTERNATIONAL STANDARD BOOK NUMBER | |
| International Standard Book Number | 0-07-057043-4 |
| 040 ## - CATALOGING SOURCE | |
| Original cataloging agency | Library of Congress |
| Language of cataloging | English |
| 082 ## - DEWEY DECIMAL CLASSIFICATION NUMBER | |
| Classification number | 004.338 |
| 082 ## - DEWEY DECIMAL CLASSIFICATION NUMBER | |
| Classification number | 004.33 |
| 082 ## - DEWEY DECIMAL CLASSIFICATION NUMBER | |
| Classification number | 004.33 |
| 100 1# - MAIN ENTRY--PERSONAL NAME | |
| Personal name | Krishna, C. M. |
| 245 00 - TITLE STATEMENT | |
| Title | Real-time systems |
| Statement of responsibility, etc. | C.M. Krishna, Kang G. Shin |
| 260 ## - PUBLICATION, DISTRIBUTION, ETC. | |
| Place of publication, distribution, etc. | New York : |
| Name of publisher, distributor, etc. | McGraw-Hill, |
| Date of publication, distribution, etc. | cop. 1997 |
| 300 ## - PHYSICAL DESCRIPTION | |
| Extent | 448 s. |
| 440 #0 - SERIES STATEMENT/ADDED ENTRY--TITLE | |
| Title | McGraw-Hill computer science series, |
| 650 #7 - SUBJECT ADDED ENTRY--TOPICAL TERM | |
| Topical term or geographic name entry element | Real-time control |
| 700 1# - ADDED ENTRY--PERSONAL NAME | |
| Personal name | Shin, Kang G. |
| 942 ## - ADDED ENTRY ELEMENTS (KOHA) | |
| Koha item type | Book |
| Call number prefix | 004.33 KRI |
| Source of classification or shelving scheme | |
| Withdrawn status | Lost status | Damaged status | Not for loan | Collection code | Permanent Location | Current Location | Shelving location | Date acquired | Source of acquisition | Total Checkouts | Full call number | Barcode | Date last seen | Price effective from | Koha item type |
|---|---|---|---|---|---|---|---|---|---|---|---|---|---|---|---|
| Central Library (CL) | Central Library (CL) | First Floor - Data Communication/Network/Architecture | 02/10/2003 | Donation | 004.33 KRI | SEECS003101 | 11/14/2012 | 01/05/2017 | Book |
